| 000 | 00473nam a2200205Ia 4500 | ||
|---|---|---|---|
| 001 | 13893 | ||
| 003 | GE_BSU | ||
| 008 | 181216s||||||||xx |||||||||||||| ||und|| | ||
| 040 | _cGE_BSU | ||
| 080 | _a73 | ||
| 100 | _aStewart,Desmond. | ||
| 245 | 4 | _aThe pyramids and sphinx. | |
| 245 | 4 | _cThe editors of the newsweek book division. | |
| 260 | _aLondon. | ||
| 260 | _c1971 | ||
| 300 | _a169p;29cm. | ||
| 300 | _bill. | ||
| 653 | _aThe pyramids and sphinx. | ||
| 942 | _cBK | ||
| 999 |
_c47037 _d47037 |
||